[Event "5th Hainan Danzhou 2014"]
[Site "Danzhou CHN"]
[Date "2014.06.30"]
[Round "5.2"]
[White "Wei Yi"]
[Black "Naiditsch,A"]
[Result "1/2-1/2"]
[WhiteElo "2634"]
[BlackElo "2705"]

1.e4 e5 2.Nf3 Nc6 3.Bc4 Bc5 4.d3 Nf6 5.O-O O-O 6.Nbd2 a6 7.c3 d6 8.h3 Ba7
9.Bb3 Nh5 10.Re1 Nf4 11.Nf1 Qf6 12.Ng3 g5 13.d4 exd4 14.h4 gxh4 15.Nf5 Bxf5
16.exf5 Qxf5 17.Nxh4 Qh5 18.Bxf4 Qxh4 19.g3 Qh3 20.Qf3 dxc3 21.bxc3 Qf5 22.Bd5 Ne5
23.Bxe5 Qxf3 24.Bxf3 dxe5 25.Rxe5 Rae8 26.Rg5+ Kh8 27.Bxb7 Rg8 28.Rxg8+ Rxg8
29.Kg2 Rb8 30.Bxa6 Rb2 31.Rf1 Rxa2 32.Bc4 Rc2 33.Bxf7 Rxc3 34.Ra1 Bb6 35.Be6 Rc2
36.Ra2 Rxa2 37.Bxa2 Kg7 38.Bb3 Kf6 39.f4 h6 40.g4 Ba5 41.Ba4 Bb6 42.Bb3 Ba5
43.Ba4 Bb6  1/2-1/2

[Event "5th Hainan Danzhou 2014"]
[Site "Danzhou CHN"]
[Date "2014.07.01"]
[Round "6.5"]
[White "Bu Xiangzhi"]
[Black "Wei Yi"]
[Result "1-0"]
[WhiteElo "2693"]
[BlackElo "2634"]

1.Nf3 Nf6 2.c4 g6 3.b3 Bg7 4.Bb2 O-O 5.g3 d6 6.d4 c5 7.Bg2 Qa5+ 8.Bc3 Qc7
9.Nbd2 cxd4 10.Nxd4 d5 11.O-O Rd8 12.Rc1 Qd7 13.Nc2 dxc4 14.Ba5 Re8 15.Nxc4 Nc6
16.Nb4 Nxa5 17.Qxd7 Bxd7 18.Nxa5 b6 19.Nc4 Rac8 20.Ne5 Bf5 21.Nbc6 Rc7 22.Nd4 Nd5
23.Nxf5 gxf5 24.Rxc7 Nxc7 25.Nc6 Nb5 26.Rd1 Bf6 27.a4 Nc3 28.Rd7 a5 29.Bf3 b5
30.axb5 Nxb5 31.Rd5 Nc3 32.Rxf5 a4 33.bxa4 Nxa4 34.e4 Bg7 35.Bh5  1-0

[Event "5th Hainan Danzhou 2014"]
[Site "Danzhou CHN"]
[Date "2014.07.02"]
[Round "7.1"]
[White "Wei Yi"]
[Black "Zhao Jun"]
[Result "1/2-1/2"]
[WhiteElo "2634"]
[BlackElo "2603"]

1.e4 e5 2.Nf3 Nc6 3.Bc4 Bc5 4.O-O Nf6 5.d3 d6 6.c3 a6 7.Nbd2 O-O 8.h3 h6
9.Bb3 Re8 10.Re1 Be6 11.Nf1 d5 12.Qe2 Qd7 13.Ng3 Rad8 14.Bc2 b5 15.exd5 Nxd5
16.Qf1 Bd6 17.a4 b4 18.Bd2 Rb8 19.d4 b3 20.Be4 exd4 21.cxd4 Bxg3 22.fxg3 Nf6
23.Bxc6 Qxc6 24.Rac1 Qxa4 25.Rxc7 Bd5 26.Ra1 Qb5 27.Ne5 Ne4 28.Qxb5 axb5
29.Be1 Rec8 30.Rcc1 Rxc1 31.Rxc1 Nd6 32.Bb4 Nc4 33.Nxc4 bxc4 34.Bc3 Ra8 35.Re1 f6
36.Re7 Ra1+ 37.Re1 Ra7 38.Kf2 Kf7 39.g4 g5 40.Kg3 Ra8 41.Bb4 Kg6 42.Kf2 Ra4
43.Bc3 Kf7 44.Kg3 Ra8 45.Bb4 Re8 46.Rxe8 Kxe8 47.Kf2 Kf7 48.Kg3 Ke6 49.Kf2 f5
50.gxf5+ Kxf5 51.Bc3 h5 52.g4+ hxg4 53.hxg4+ Kxg4 54.Kg1 Kf3 55.Bd2 g4 56.Be1 Ke2
57.Bb4 g3 58.Be1 Kxe1  1/2-1/2

[Event "5th Hainan Danzhou 2014"]
[Site "Danzhou CHN"]
[Date "2014.07.03"]
[Round "8.5"]
[White "Wei Yi"]
[Black "Ponomariov,R"]
[Result "0-1"]
[WhiteElo "2634"]
[BlackElo "2723"]

1.b3 Nf6 2.Bb2 e6 3.e3 c5 4.f4 b6 5.Nf3 Bb7 6.Rg1 Nc6 7.g4 d5 8.g5 Nd7 9.Nc3 Qc7
10.f5 O-O-O 11.fxe6 fxe6 12.Bh3 Re8 13.Qe2 a6 14.O-O-O Bd6 15.Kb1 Kb8 16.d4 b5
17.dxc5 Nxc5 18.a3 b4 19.axb4 Nxb4 20.Rd4 Qa5 21.Rgg4 Nd7 22.Na4 Nc6 23.Rd1 Nde5
24.Rf4 Re7 25.Nxe5 Nxe5 26.Rdf1 Rc8 27.Rf8 Nc4 28.Bc3 Qb5 29.Ka2 Rc7 30.Rxc8+ Bxc8
31.e4 Na3 32.Qf2 e5 33.Bxc8 Rxc8 34.exd5 Nxc2 35.Kb2 Nd4 36.Bxd4 exd4 37.Rd1 Re8
38.Re1 Rxe1 39.Qxe1 Qxd5 40.h4 d3 41.Qd2 Qe4 42.Qa5 Be5+ 43.Ka3 Qd4 44.Qxa6 d2
45.Qb5+ Kc7 46.Nc5 Qa1+ 47.Kb4 Bc3+ 48.Kc4 Qf1+ 49.Nd3 d1=Q 50.Qc5+ Kd7 51.Qb5+ Ke7
52.Qc5+ Ke8 53.Qc6+ Kf8 54.Qa8+ Kf7  0-1

[Event "5th Hainan Danzhou 2014"]
[Site "Danzhou CHN"]
[Date "2014.07.04"]
[Round "9.2"]
[White "Zhou Weiqi"]
[Black "Wei Yi"]
[Result "1/2-1/2"]
[WhiteElo "2601"]
[BlackElo "2634"]

1.c4 g6 2.Nc3 c5 3.Nf3 Bg7 4.g3 Nc6 5.Bg2 e6 6.e3 Nge7 7.d4 O-O 8.O-O b6
9.b3 d5 10.cxd5 exd5 11.Ba3 Bg4 12.h3 cxd4 13.exd4 Bxf3 14.Qxf3 Nxd4 15.Qd3 Rc8
16.Rac1 Re8 17.Kh1 h6 18.Rfe1 Kh7 19.Kh2 Qd7 20.Bxe7 Rxe7 21.Rxe7 Qxe7 22.Nxd5 Qd7
23.Rxc8 Qxc8 24.Nf4 Qc5 25.Qe3 Qc2 26.Bd5 Nf5 27.Qe2 Qxe2 28.Nxe2 Nd4 29.Nxd4 Bxd4
30.Bxf7 Bxf2 31.Kg2 Be1 32.Kf3 Kg7 33.Be8 Kf6 34.g4 g5 35.Ke4 Ke7 36.Bb5 Kf6
37.Bc4 Ke7 38.Ba6 Kd6 39.Kf5 Kc5 40.a4 Kb4 41.Bc4 a6 42.Kg6 b5 43.axb5 axb5
44.Bg8 Kc5 45.Kxh6 Bh4 46.Kg6 Kd6 47.Kf5 Kc5 48.Bf7 Kd6 49.b4 Kc6 50.Be8+ Kb6
51.Bd7 Ka6 52.Be8 Kb6 53.Bd7 Ka6 54.Be8 Kb6  1/2-1/2

[Event "TCh-CHN 2014"]
[Site "Beijing CHN"]
[Date "2014.07.24"]
[Round "8.2"]
[White "Wei Yi"]
[Black "Ma Qun"]
[Result "1-0"]
[WhiteElo "2629"]
[BlackElo "2613"]

1.e4 c6 2.d4 d5 3.Nd2 dxe4 4.Nxe4 Nd7 5.Bc4 Nb8 6.Bf1 Nd7 7.Bc4 Ngf6 8.Nxf6+ Nxf6
9.c3 g6 10.Nf3 Bg7 11.O-O O-O 12.h3 Nd5 13.Re1 Re8 14.Bg5 a5 15.a4 h6 16.Bh4 g5
17.Bg3 Bf5 18.Ne5 e6 19.Qf3 f6 20.Nd3 Bf8 21.Rad1 Kg7 22.Bb3 Qd7 23.Nc5 Bxc5
24.dxc5 Qf7 25.Rd2 h5 26.h4 g4 27.Qd1 Kg6 28.Kh2 Qf8 29.Bc2 Bxc2 30.Qxc2+ f5
31.Rde2 Qf6 32.Kg1 Rad8 33.Bd6 Qf7 34.Re5 Nf6 35.f3 Nd5 36.Qe2 gxf3 37.gxf3 Kh7
38.Rxe6 Rxe6 39.Qxe6  1-0

[Event "TCh-CHN 2014"]
[Site "Beijing CHN"]
[Date "2014.07.25"]
[Round "9.6"]
[White "Xu,Yinglun"]
[Black "Wei Yi"]
[Result "0-1"]
[WhiteElo "2381"]
[BlackElo "2629"]

1.d4 Nf6 2.c4 e6 3.Nf3 b6 4.g3 Ba6 5.b3 d5 6.cxd5 exd5 7.Bg2 Bb4+ 8.Bd2 Bd6
9.Nc3 O-O 10.O-O Re8 11.Re1 Nbd7 12.Nh4 Bb7 13.Nf5 Bf8 14.Ne3 c6 15.Qc2 g6
16.Rad1 a5 17.Nf1 b5 18.Bg5 h6 19.Bf4 Rc8 20.h3 Bg7 21.Nh2 b4 22.Na4 Ne4
23.Be5 Nxe5 24.Bxe4 Nd7 25.Bg2 Qe7 26.Qb1 Qd6 27.Nf3 c5 28.dxc5 Nxc5 29.Nd4 Nxa4
30.bxa4 Qd7 31.Nb3 Bc3 32.Rf1 Rxe2 33.Nxa5 Ra8 34.Qd3 Rxa2 35.Nc4  0-1

[Event "TCh-CHN 2014"]
[Site "Beijing CHN"]
[Date "2014.07.26"]
[Round "10.1"]
[White "Yu Yangyi"]
[Black "Wei Yi"]
[Result "1/2-1/2"]
[WhiteElo "2667"]
[BlackElo "2629"]

1.e4 c5 2.Nf3 d6 3.d4 cxd4 4.Nxd4 Nf6 5.Nc3 a6 6.Bg5 e6 7.f4 Qb6 8.Qd2 Qxb2
9.Rb1 Qa3 10.e5 h6 11.Bh4 dxe5 12.fxe5 Nfd7 13.Ne4 Qxa2 14.Rd1 Qd5 15.Qe3 Qxe5
16.Be2 Bc5 17.Bg3 Qd5 18.c4 Bxd4 19.Rxd4 Qa5+ 20.Rd2 O-O 21.Bd6 f5 22.Bxf8 Nxf8
23.Nd6 Nbd7 24.g4 Qe5 25.Qxe5 Nxe5 26.gxf5 exf5 27.O-O g6 28.Rb1 Be6 29.c5 a5
30.Ra1 a4 31.Ra3  1/2-1/2

[Event "TCh-CHN 2014"]
[Site "Beijing CHN"]
[Date "2014.07.27"]
[Round "11.6"]
[White "Wei Yi"]
[Black "Ma,Zhonghan"]
[Result "1-0"]
[WhiteElo "2629"]
[BlackElo "2435"]

1.e4 e5 2.Nf3 Nc6 3.Bb5 Nf6 4.d3 Bc5 5.Bxc6 dxc6 6.Nbd2 Nd7 7.Nc4 Qe7 8.Be3 O-O
9.Bxc5 Qxc5 10.O-O f6 11.Nh4 Re8 12.Qh5 Qf8 13.Nf5 Nb6 14.Nce3 Bxf5 15.Nxf5 Na4
16.f4 g6 17.Nh6+ Kg7 18.Qh3 Nxb2 19.fxe5 Rxe5 20.Ng4 Re6 21.Rab1 Na4 22.Rxb7 Qd6
23.Qh6+ Kg8 24.Qh4 Rf8 25.e5 fxe5 26.Nh6+ Kg7 27.Rxf8 Qxf8 28.Rxc7+ Kh8 29.Nf7+ Kg8
30.Nd6 h5 31.Rc8  1-0

[Event "41st Olympiad Open 2014"]
[Site "Tromso NOR"]
[Date "2014.08.02"]
[Round "1.8"]
[White "Wei Yi"]
[Black "Lorenzana,W"]
[Result "1-0"]
[WhiteElo "2638"]
[BlackElo "2222"]

1.e4 c5 2.Nf3 e6 3.d4 cxd4 4.Nxd4 a6 5.c4 Nf6 6.Nc3 Qc7 7.Be2 Be7 8.O-O O-O
9.Be3 d6 10.Rc1 b6 11.f4 Bb7 12.Qd3 Nbd7 13.b4 g6 14.f5 Ne5 15.Qb1 exf5 16.exf5 Qd8
17.Nf3 Nfg4 18.Bf4 Rc8 19.h3 Nxf3+ 20.Bxf3 Bxf3 21.Rxf3 Nf6 22.Bh6 Re8 23.fxg6 hxg6
24.Rcf1 Rxc4 25.Nd5 Kh7 26.Bg5  1-0

[Event "41st Olympiad Open 2014"]
[Site "Tromso NOR"]
[Date "2014.08.03"]
[Round "2.8"]
[White "Pasku,L"]
[Black "Wei Yi"]
[Result "0-1"]
[WhiteElo "2061"]
[BlackElo "2638"]

1.d4 Nf6 2.c4 g6 3.Nc3 d5 4.Nf3 Bg7 5.Qb3 dxc4 6.Qxc4 O-O 7.e4 Bg4 8.Be2 Nfd7
9.Be3 Nc6 10.Rd1 Bxf3 11.gxf3 e6 12.h4 Qe7 13.a3 Nb6 14.Qb3 Rfd8 15.e5 h6
16.f4 h5 17.Bf3 Na5 18.Qa2 c6 19.Be2 Nd5 20.Nxd5 cxd5 21.b4 Nc6 22.b5 Na5
23.f5 exf5 24.Bg5 f6 25.Bd2 b6 26.f4 Kh7 27.Kf2 Rac8 28.Bb4 Qe6 29.Rhe1 Rd7
30.Bf3 Nc4 31.Re2 Bh6 32.Kg3 Rg7 33.Rg1 g5 34.exf6 gxf4+ 35.Kh3 Qxf6 36.Rxg7+ Bxg7
37.Qc2 Qg6 38.Rg2 Ne3 39.Rxg6 Rxc2 40.Rc6 Bxd4 41.Bxh5 Rg2 42.Rc1 Rg3+ 43.Kh2 Ng4+
44.Bxg4 fxg4 45.Rc7+ Kg6  0-1

[Event "41st Olympiad Open 2014"]
[Site "Tromso NOR"]
[Date "2014.08.06"]
[Round "5.4"]
[White "Van Kampen,R"]
[Black "Wei Yi"]
[Result "1/2-1/2"]
[WhiteElo "2638"]
[BlackElo "2638"]

1.e4 c5 2.Nf3 d6 3.Bb5+ Bd7 4.Bxd7+ Qxd7 5.c4 Nf6 6.Nc3 g6 7.d4 cxd4 8.Nxd4 Bg7
9.f3 O-O 10.Be3 Nc6 11.O-O a6 12.a4 Rac8 13.Nde2 e6 14.Kh1 Qc7 15.Rb1 Nb4
16.b3 d5 17.e5 Ne8 18.cxd5 Qxe5 19.Bf4 Qf5 20.g4 Qd3 21.dxe6 fxe6 22.Qxd3 Nxd3
23.Bd2 Nf6 24.Rbd1 Nb2 25.Rb1 Nd3 26.Rbd1 Nb2 27.Rb1 Nd3 28.Rbd1 Nb2 29.Rb1 Nd3  1/2-1/2

[Event "41st Olympiad Open 2014"]
[Site "Tromso NOR"]
[Date "2014.08.09"]
[Round "7.4"]
[White "Wei Yi"]
[Black "Indjic,A"]
[Result "1-0"]
[WhiteElo "2638"]
[BlackElo "2539"]

1.e4 d6 2.d4 Nf6 3.Nc3 e5 4.Nf3 Nbd7 5.Bc4 Be7 6.O-O O-O 7.Re1 c6 8.a4 a5
9.Ba2 Qc7 10.h3 b6 11.Bg5 h6 12.Bh4 Re8 13.Bg3 Ba6 14.Nh4 Nf8 15.Nf5 Ng6
16.h4 h5 17.Qd2 exd4 18.Qg5 Nd5 19.Nxd5 cxd5 20.Qxh5 Bc4 21.Bxc4 Qxc4 22.Qg4 Bf6
23.Nxd6 Qxc2 24.Nxe8 Rxe8 25.exd5 Rd8 26.Rac1 Qb3 27.d6 Nf8 28.Rc8 Qxa4 29.Rxd8 Bxd8
30.d7 Ne6 31.Rxe6 Qxd7 32.Re4 f5 33.Rxd4  1-0

[Event "41st Olympiad Open 2014"]
[Site "Tromso NOR"]
[Date "2014.08.11"]
[Round "9.1"]
[White "Moiseenko,A1"]
[Black "Wei Yi"]
[Result "1/2-1/2"]
[WhiteElo "2707"]
[BlackElo "2638"]

1.d4 Nf6 2.c4 g6 3.Nc3 d5 4.cxd5 Nxd5 5.Bd2 Bg7 6.e4 Nxc3 7.Bxc3 O-O 8.Qd2 c5
9.d5 Bxc3 10.bxc3 Qd6 11.h4 e6 12.h5 exd5 13.Bc4 Nc6 14.Nf3 Ne5 15.Bxd5 Nxf3+
16.gxf3 Be6 17.c4 Rae8 18.Rb1 b6 19.Ke2 Bxd5 20.cxd5 f5 21.hxg6 hxg6 22.Rbg1 fxe4
23.Qh6 exf3+ 24.Kf1 Re1+ 25.Kxe1 Qe5+ 26.Qe3 Qa1+ 27.Kd2 Qb2+ 28.Kd1 Qb1+
29.Kd2 Qb2+ 30.Kd1 Qb1+ 31.Kd2 Qb2+ 32.Kd1  1/2-1/2

[Event "TCh-TUR Super League 2014"]
[Site "Kocaeli TUR"]
[Date "2014.08.18"]
[Round "1.4"]
[White "Wei Yi"]
[Black "Duman,A"]
[Result "1-0"]
[WhiteElo "2638"]
[BlackElo "2244"]

1.e4 d6 2.Nc3 Nf6 3.f4 d5 4.e5 d4 5.Nce2 Nd5 6.c4 Nb4 7.d3 c5 8.a3 N4c6 9.g3 f6
10.Nf3 Bg4 11.Bg2 e6 12.O-O Bxf3 13.Bxf3 f5 14.Bd2 a5 15.g4 g6 16.gxf5 gxf5
17.Kh1 Qb6 18.Rb1 Na6 19.Qa4 Nc7 20.Rg1 Kd7 21.Nc1 Kc8 22.Rg2 Ra6 23.Nb3 Nb4
24.Nxd4 cxd4 25.axb4 axb4 26.Qb3 Ra8 27.Rbg1 Na6 28.Rg8 Rxg8 29.Rxg8 Kd7
30.Qa4+  1-0

[Event "TCh-TUR Super League 2014"]
[Site "Kocaeli TUR"]
[Date "2014.08.19"]
[Round "2.2"]
[White "Artemiev,V"]
[Black "Wei Yi"]
[Result "1/2-1/2"]
[WhiteElo "2650"]
[BlackElo "2638"]

1.Nf3 Nf6 2.g3 g6 3.b3 Bg7 4.Bb2 O-O 5.Bg2 b6 6.O-O Bb7 7.c4 c5 8.Nc3 Na6
9.d4 d5 10.cxd5 Nxd5 11.Nxd5 Bxd5 12.e3 Qc7 13.Re1 Qb7 14.Qe2 cxd4 15.Bxd4 Bxd4
16.exd4 e6 17.Nh4 Rfd8 18.Bxd5 Rxd5 19.Nf3 Rad8 20.Rec1 Nb8 21.Rc4 Nc6 22.Qe4 b5
23.Rc5 Qd7 24.Rac1 Nxd4 25.Rc7 Nxf3+ 26.Qxf3 Rd1+ 27.Qxd1 Qxd1+ 28.Rxd1 Rxd1+
29.Kg2 a5  1/2-1/2

[Event "TCh-TUR Super League 2014"]
[Site "Kocaeli TUR"]
[Date "2014.08.20"]
[Round "3.5"]
[White "Wei Yi"]
[Black "Onischuk,V"]
[Result "1-0"]
[WhiteElo "2638"]
[BlackElo "2593"]

1.e4 c6 2.d4 d5 3.Nc3 dxe4 4.Nxe4 Nf6 5.Nxf6+ gxf6 6.c3 Nd7 7.g3 Nb6 8.Bg2 h5
9.Nf3 Bg4 10.h3 Be6 11.O-O Qd7 12.Kh2 O-O-O 13.a4 Bh6 14.a5 Nd5 15.c4 Nc7
16.Bxh6 Rxh6 17.Qc1 Rdh8 18.h4 Rg6 19.a6 b6 20.d5 cxd5 21.Nd4 Qd6 22.Bxd5 Bd7
23.Bb7+ Kb8 24.Rd1 Qc5 25.b4 Qxb4 26.c5 f5 27.Rb1 Qa4 28.Qb2 Nxa6 29.Bxa6 Qxa6
30.Nxf5 Rd8 31.Qe5+ Ka8 32.Qxe7 Qc8 33.Nd6 Qc7 34.cxb6 axb6 35.Rdc1  1-0

[Event "TCh-TUR Super League 2014"]
[Site "Kocaeli TUR"]
[Date "2014.08.21"]
[Round "4.1"]
[White "Fedoseev,Vl3"]
[Black "Wei Yi"]
[Result "1/2-1/2"]
[WhiteElo "2672"]
[BlackElo "2638"]

1.d4 Nf6 2.c4 g6 3.f3 Nc6 4.d5 Ne5 5.e4 d6 6.Nc3 Bg7 7.f4 Ned7 8.Nh3 O-O
9.Be2 Nc5 10.Nf2 e6 11.O-O exd5 12.cxd5 c6 13.dxc6 bxc6 14.Qc2 d5 15.e5 Bf5
16.Qd1 Nfe4 17.Be3 Nxc3 18.bxc3 Ne4 19.Nxe4 Bxe4 20.Qa4 Qd7 21.Rad1 Qe6 22.Bc5 Rfb8
23.Rd2 f6 24.Bd6 Rb6 25.c4 fxe5 26.c5 exf4 27.Bg4 Qf6 28.cxb6 Qxd6 29.b7 Qc5+
30.Kh1 Rb8 31.Be6+ Kh8 32.Bc8 Be5 33.Re2 Bd4 34.Rxe4 dxe4 35.Rd1 Be5 36.Qxe4 Kg7
37.Rd7+ Kh6 38.Qe1 Bf6 39.Qd1 Qe5 40.Rd6 c5 41.Re6 Qc3 42.Qf1 Qd4 43.Qg1 Qc3
44.Qf2 Kg7 45.g3 Bd4 46.Re7+ Kf8 47.Qe2 Qc1+ 48.Kg2 fxg3 49.Re8+ Kg7 50.Qe7+ Kh6
51.Qf8+ Kg5 52.h4+ Kxh4 53.Re4+ Kh5 54.Bg4+ Kg5 55.Qe7+ Kh6 56.Qh4+ Kg7 57.Qe7+ Kh6
58.Qh4+ Kg7 59.Qe7+ Kh8 60.Rxd4 Qb2+ 61.Kxg3 Qxd4 62.Bc8 h5 63.Qc7 Qc3+  1/2-1/2

[Event "TCh-TUR Super League 2014"]
[Site "Kocaeli TUR"]
[Date "2014.08.22"]
[Round "5.6"]
[White "Wei Yi"]
[Black "Miroshnichenko,E"]
[Result "0-1"]
[WhiteElo "2638"]
[BlackElo "2602"]

1.e4 d5 2.exd5 Qxd5 3.Nc3 Qd6 4.d4 Nf6 5.Nf3 g6 6.g3 Bg7 7.Bg2 Qa6 8.Bf4 c6
9.Qd2 O-O 10.O-O-O b5 11.a3 b4 12.axb4 Qa1+ 13.Nb1 a5 14.b5 cxb5 15.Ne1 Ra6
16.Bxb8 Be6 17.Be5 Ba2 18.Qc3 b4 19.Qc7 Qxb1+ 20.Kd2 Qxb2 21.Nd3 Qa3 22.Ra1 Ne8
23.Qc5 Nd6 24.Bxg7 Rc8 25.Qg5 Kxg7 26.Rhc1 Qc3+ 27.Ke2 Bc4 28.Kf1 b3 29.Kg1 Bxd3
30.cxb3 Qxd4 31.Qxe7 Rxc1+  0-1

[Event "TCh-TUR Super League 2014"]
[Site "Kocaeli TUR"]
[Date "2014.08.23"]
[Round "7.6"]
[White "Gagunashvili,M"]
[Black "Wei Yi"]
[Result "1/2-1/2"]
[WhiteElo "2573"]
[BlackElo "2638"]

1.d4 Nf6 2.c4 g6 3.Nc3 d5 4.cxd5 Nxd5 5.e4 Nxc3 6.bxc3 Bg7 7.Be3 c5 8.Qd2 Qa5
9.Rc1 O-O 10.d5 e6 11.Nf3 Rd8 12.Bg5 f6 13.Be3 Nc6 14.Be2 Qa4 15.Qc2 Qxc2
16.Rxc2 exd5 17.exd5 Ne7 18.c4 b6 19.O-O Nf5 20.Bd2 Bd7 21.Bd3 Kf7 22.Ra1 g5
23.Bc3 g4 24.Nd2 Nd6 25.a4 f5 26.Bxg7 Kxg7 27.a5 Rab8 28.axb6 axb6 29.Rb2 b5
30.cxb5 Bxb5 31.Rab1 Rd7 32.Bxb5 Rdb7 33.f3 Rxb5 34.Rxb5 Rxb5 35.Rxb5 Nxb5
36.fxg4 fxg4 37.Nc4 Kf6 38.Kf2 Nc3 39.d6 Ke6 40.Ke3 Nd5+ 41.Ke4 h6 42.d7 Nf6+
43.Kf4 Kxd7 44.Kf5 Ke7 45.Ne5  1/2-1/2

[Event "TCh-TUR Super League 2014"]
[Site "Kocaeli TUR"]
[Date "2014.08.25"]
[Round "8.1"]
[White "Wei Yi"]
[Black "Eljanov,P"]
[Result "0-1"]
[WhiteElo "2638"]
[BlackElo "2723"]

1.e4 e5 2.Nf3 Nc6 3.Nc3 Nf6 4.Bb5 Bc5 5.Nxe5 Nxe5 6.d4 a6 7.Be2 Bd6 8.f4 Nc6
9.e5 Bb4 10.exf6 Qxf6 11.Be3 d5 12.O-O Bxc3 13.bxc3 Bf5 14.c4 O-O-O 15.c3 Qe6
16.Bf2 dxc4 17.Re1 Be4 18.Qa4 Qg6 19.g3 Ne7 20.Bxc4 Nd5 21.Bxd5 Rxd5 22.Qd1 Re8
23.c4 Rh5 24.g4 Rh3 25.Bg3 h5 26.f5 Qg5 27.Qc1 Qxg4 28.Qf4 Qxf4 29.Bxf4 Rh4  0-1

[Event "TCh-TUR Super League 2014"]
[Site "Kocaeli TUR"]
[Date "2014.08.26"]
[Round "9.5"]
[White "Amonatov,F"]
[Black "Wei Yi"]
[Result "1/2-1/2"]
[WhiteElo "2590"]
[BlackElo "2638"]

1.e4 c5 2.Nf3 d6 3.d4 cxd4 4.Nxd4 Nf6 5.Nc3 g6 6.Be3 Bg7 7.f3 Nc6 8.Qd2 O-O
9.O-O-O d5 10.exd5 Nxd5 11.Nxc6 bxc6 12.Bd4 Bxd4 13.Qxd4 Qb6 14.Nxd5 cxd5
15.Qxb6 axb6 16.a3 Bb7 17.Bb5 Rfd8 18.Rhe1 e6 19.Rd4 Kf8 20.Rb4 Ke7 21.Re3 Rd6
22.Rc3 Rc8 23.Rxc8 Bxc8 24.Ra4 Bd7 25.Ra7 Kd8 26.Ra8+ Kc7 27.Ra7+ Kd8 28.Ra8+ Kc7
29.Ra7+  1/2-1/2

[Event "TCh-TUR Super League 2014"]
[Site "Kocaeli TUR"]
[Date "2014.08.26"]
[Round "10.2"]
[White "Wei Yi"]
[Black "Benidze,D"]
[Result "1/2-1/2"]
[WhiteElo "2638"]
[BlackElo "2458"]

1.e4 d5 2.exd5 Qxd5 3.Nc3 Qd6 4.d4 Nf6 5.Nf3 g6 6.Nb5 Qd8 7.c4 c6 8.Nc3 Bg7
9.Be2 O-O 10.O-O Bg4 11.Be3 Nbd7 12.Qb3 Qc7 13.Rfd1 Rfe8 14.d5 Bxf3 15.gxf3 b6
16.f4 Bh6 17.dxc6 Qxc6 18.Qb5 Qc7 19.Nd5 Nxd5 20.cxd5 Rad8 21.Rac1 Qb8 22.Rc4 Nc5
23.Bxc5 bxc5 24.Qxb8 Rxb8 25.b3 Rb4 26.Rxc5 Bxf4 27.Bc4 Rd8 28.Rc6 Rb6  1/2-1/2

[Event "TCh-TUR Super League 2014"]
[Site "Kocaeli TUR"]
[Date "2014.08.27"]
[Round "11.4"]
[White "Filippov,An UZB"]
[Black "Wei Yi"]
[Result "1/2-1/2"]
[WhiteElo "2615"]
[BlackElo "2638"]

1.e4 c5 2.Nf3 d6 3.Bb5+ Bd7 4.Bxd7+ Qxd7 5.O-O Nc6 6.c3 Nf6 7.d4 cxd4 8.cxd4 Nxe4
9.d5 Ne5 10.Nxe5 dxe5 11.Re1 Nf6 12.Nc3 g6 13.Rxe5 Bg7 14.Qe2 Ng4 15.Re4 Nf6
16.Re5 Ng4 17.Re4 Nf6 18.Re5 Ng4  1/2-1/2

[Event "TCh-TUR Super League 2014"]
[Site "Kocaeli TUR"]
[Date "2014.08.28"]
[Round "12.3"]
[White "Cingoz,O"]
[Black "Wei Yi"]
[Result "0-1"]
[WhiteElo "1930"]
[BlackElo "2638"]

1.d4 Nf6 2.Nf3 c5 3.c3 g6 4.Bf4 b6 5.h3 Bg7 6.e3 Bb7 7.Nbd2 O-O 8.Bd3 d6
9.Qe2 Nbd7 10.O-O-O cxd4 11.exd4 Rc8 12.Ba6 Bxa6 13.Qxa6 e5 14.Bg5 Qc7 15.Rhe1 Nd5
16.Kb1 exd4 17.c4 Nb4 18.Qb5 Nc6 19.Nb3 Nde5 20.Nbxd4 Nxd4 21.Nxd4 Nxc4 22.Qb3 Bxd4
23.Rxd4 Qc5 24.Qc3 Na3+ 25.Qxa3 Qxd4  0-1

[Event "TCh-TUR Super League 2014"]
[Site "Kocaeli TUR"]
[Date "2014.08.29"]
[Round "13.3"]
[White "Ertan,C"]
[Black "Wei Yi"]
[Result "0-1"]
[WhiteElo "2246"]
[BlackElo "2638"]

1.e4 c5 2.Nf3 d6 3.c3 Nf6 4.Qc2 Qc7 5.Bc4 g6 6.d4 Bg7 7.Na3 O-O 8.Nb5 Qb6
9.dxc5 Qxc5 10.Bd3 b6 11.O-O Bb7 12.a4 Nbd7 13.a5 a6 14.Be3 Qc8 15.Na3 b5
16.Rfe1 Nc5 17.Bd4 Nxd3 18.Qxd3 e5 19.Bb6 Qc6 20.Nd2 d5 21.f3 dxe4 22.Nxe4 Nd5
23.Bf2 f5 24.Nc5 e4 25.fxe4 fxe4 26.Qxe4 Rxf2 27.Nxb7 Rxb2 28.Rad1 Bxc3 29.Rf1 Rd2
30.Nb1 Rxd1 31.Rxd1 Qxb7 32.Rxd5 Qa7+ 33.Kh1 Rf8 34.Rd1 Bxa5 35.h3 Qf7 36.Qd3 Rd8
37.Qe2 Rxd1+ 38.Qxd1 Qe6 39.Nc3 Qe5 40.Qb3+ Kg7 41.Nd5 Be1 42.Ne3 Bf2 43.Nc2 Bc5
44.Qd3 Bd6 45.Kg1 a5  0-1

[Event "TCh-CHN Division A 2014"]
[Site "Jiaxing CHN"]
[Date "2014.09.10"]
[Round "12.2"]
[White "Wei Yi"]
[Black "Zhao Jun"]
[Result "1/2-1/2"]
[WhiteElo "2629"]
[BlackElo "2610"]

1.d4 Nf6 2.Nc3 d5 3.Bf4 e6 4.e3 Be7 5.Bd3 O-O 6.Nf3 c5 7.dxc5 Nc6 8.O-O Nd7
9.e4 d4 10.Na4 e5 11.Bg3 f6 12.c3 Nxc5 13.Nxc5 Bxc5 14.b4 Bb6 15.b5 Na5 16.cxd4 Bxd4
17.Nxd4 Qxd4 18.Be2 Qxd1 19.Rfxd1 Be6 20.f3 Rfc8 21.Rdc1 Kf7 22.Bf2 b6 23.Be3 Nc4
24.Bxc4 Rxc4 25.Rxc4 Bxc4 26.a4 Rc8 27.a5 Bxb5 28.axb6 axb6 29.Bxb6 h5 30.Ra7+ Kg6
31.Rc7 Rxc7 32.Bxc7  1/2-1/2

[Event "TCh-CHN Division A 2014"]
[Site "Jiaxing CHN"]
[Date "2014.09.12"]
[Round "14.3"]
[White "Wei Yi"]
[Black "Wang Rui"]
[Result "1-0"]
[WhiteElo "2629"]
[BlackElo "2398"]

1.e4 d5 2.exd5 Qxd5 3.Nc3 Qd8 4.d4 c6 5.Bc4 Nf6 6.Nf3 Bf5 7.Ne5 e6 8.f3 Nbd7
9.g4 Bg6 10.h4 Qc7 11.Qe2 h6 12.h5 Bh7 13.Nxf7 Qg3+ 14.Kd1 e5 15.dxe5 Nd5
16.Bxd5 cxd5 17.Nxh8 O-O-O 18.Nf7 Re8 19.Nxd5  1-0

[Event "TCh-CHN Division A 2014"]
[Site "Jiaxing CHN"]
[Date "2014.09.12"]
[Round "15.4"]
[White "Zhou Weiqi"]
[Black "Wei Yi"]
[Result "1/2-1/2"]
[WhiteElo "2606"]
[BlackElo "2629"]

1.d4 Nf6 2.c4 g6 3.Nc3 d5 4.cxd5 Nxd5 5.e4 Nxc3 6.bxc3 Bg7 7.Nf3 c5 8.Rb1 O-O
9.Be2 cxd4 10.cxd4 Qa5+ 11.Bd2 Qxa2 12.O-O Bg4 13.Rxb7 Bxf3 14.Bxf3 Bxd4
15.Bb4 Rd8 16.Qc1 Na6 17.Bxe7 Rac8 18.Qg5 Re8 19.Rd7 Nc5 20.Rxd4 Ne6 21.Qd5 Qxd5
22.Rxd5 Rxe7 23.Bg4 Rce8 24.Bxe6 Rxe6 25.f3 Re5 26.Rd7 R8e7 27.Rxe7 Rxe7
28.Ra1 h5 29.Kf2 Kg7 30.Kg3 Rb7 31.h4 Rc7 32.Kf4 Rc2 33.Kg3 Rc7 34.Ra2 Rd7
35.Kf4 Rb7 36.Ra6 Rb2 37.g4 hxg4 38.Kxg4 Rb7 39.f4 Rb1 40.Rxa7 Rg1+ 41.Kf3 Rh1
42.e5 Rxh4 43.e6 Kf6 44.exf7 Kg7 45.Kg3 Rh5 46.Kg4 Rf5 47.Rb7 Rxf7 48.Rxf7+ Kxf7
49.f5 gxf5+ 50.Kxf5  1/2-1/2

[Event "World Junior Open 2014"]
[Site "Pune IND"]
[Date "2014.10.06"]
[Round "1.3"]
[White "Wei Yi"]
[Black "Muthaiah,AL"]
[Result "1-0"]
[WhiteElo "2641"]
[BlackElo "2215"]

1.e4 c5 2.Nf3 Nc6 3.Bb5 g6 4.Bxc6 dxc6 5.h3 Bg7 6.d3 Nf6 7.Nc3 O-O 8.Be3 Nd7
9.Qd2 Re8 10.Bh6 Bh8 11.h4 Qa5 12.h5 Qb4 13.hxg6 hxg6 14.O-O-O Bxc3 15.bxc3 Qa3+
16.Kb1 Nb6 17.Bf8 f6 18.Qh6 Kf7 19.Qg7+ Ke6 20.Ng5+ fxg5 21.d4 c4 22.d5+ cxd5
23.exd5+ Kd7 24.d6 Kc6 25.Qxg6 Bd7 26.dxe7+ Kb5 27.Rh5 Bc6 28.Qxg5+ Ka6 29.Qc5 Qxc5
30.Rxc5 Bxg2 31.Rd6 Rxf8 32.exf8=Q Rxf8 33.Rxc4 Rxf2 34.Rb4 Bc6 35.Kc1 Nd5
36.Ra4+ Kb6 37.Kb2 Ne3 38.Kb3 Rxc2 39.Re4 Kc7 40.Rxe3 Rh2  1-0

[Event "World Junior Open 2014"]
[Site "Pune IND"]
[Date "2014.10.07"]
[Round "2.3"]
[White "Ider,B"]
[Black "Wei Yi"]
[Result "0-1"]
[WhiteElo "2394"]
[BlackElo "2641"]

1.Nf3 Nf6 2.c4 g6 3.Nc3 Bg7 4.e4 c5 5.g3 Nc6 6.Bg2 d6 7.O-O O-O 8.d3 a6 9.Re1 Bg4
10.h3 Bxf3 11.Bxf3 Nd7 12.Bg2 Nd4 13.Be3 b5 14.Ne2 bxc4 15.dxc4 Nc6 16.Rb1 Rb8
17.Qd2 a5 18.Nc3 Nd4 19.Bxd4 cxd4 20.Nb5 Qb6 21.b3 h5 22.Red1 e5 23.Bf3 Nc5
24.Qg5 Rbe8 25.Qd2 Kh7 26.h4 f5 27.Qe2 d3 28.Rxd3 Nxd3 29.Qxd3 fxe4 30.Bxe4 Qxf2+
31.Kh1 Rf6 32.Rg1 Ref8 33.Qd1 Kh8 34.Nxd6 Bh6 35.Qd5 Be3 36.Rg2 Qe1+ 37.Kh2 Bd4
38.Nb5 Rf1 39.Rc2 R1f4 40.Bg2 Rxh4+ 41.gxh4 Be3  0-1

[Event "World Junior Open 2014"]
[Site "Pune IND"]
[Date "2014.10.08"]
[Round "3.1"]
[White "Wei Yi"]
[Black "Ghosh,D"]
[Result "1-0"]
[WhiteElo "2641"]
[BlackElo "2508"]

1.e4 e5 2.Nf3 Nc6 3.Bc4 Nf6 4.d3 Be7 5.O-O O-O 6.Re1 d6 7.a4 h6 8.a5 a6 9.c3 Nh7
10.Be3 Kh8 11.Qb3 f5 12.exf5 Rxf5 13.Nbd2 Nf6 14.Bf7 Ng4 15.Ne4 Qf8 16.Bc4 Rxf3
17.gxf3 Qxf3 18.Ng3 Nf6 19.Be6 Bxe6 20.Qxe6 Rf8 21.Qf5 Qd5 22.Qg6 Bd8 23.Nf5 Qg8
24.Ra4 Qh7 25.Nh4 Ng8 26.Rea1 Bxh4 27.Qxh7+ Kxh7 28.Rxh4 Nge7 29.b4 Nd5 30.Ra3 Nce7
31.Bd2 Rf3 32.c4 Nf5 33.Rh5 Nf6 34.Kg2 Rxf2+ 35.Kxf2 Nxh5 36.b5 Nf6 37.Rb3 Nd7
38.Be3 Nxe3 39.Kxe3 Nc5 40.bxa6 bxa6 41.Rb8 Kg6 42.Rc8 Ne6 43.Ra8 Nc5 44.Ra7 Kf5
45.Rxc7 g5 46.Rh7 Kg6 47.Rh8 Nb7 48.Ra8  1-0

[Event "World Junior Open 2014"]
[Site "Pune IND"]
[Date "2014.10.09"]
[Round "4.1"]
[White "Kovalev,Vl"]
[Black "Wei Yi"]
[Result "1/2-1/2"]
[WhiteElo "2548"]
[BlackElo "2641"]

1.e4 c5 2.Nf3 d6 3.d4 cxd4 4.Qxd4 Nf6 5.Bg5 Nc6 6.Bb5 Bd7 7.Qd3 Ng4 8.Bxc6 Bxc6
9.h3 Ne5 10.Nxe5 dxe5 11.Qxd8+ Rxd8 12.Nd2 b6 13.a4 f6 14.Be3 e6 15.Ke2 Bc5
16.a5 Bxe3 17.Kxe3 b5 18.b4 Ke7 19.Nb3 f5 20.f3 h5 21.Rad1 Rdf8 22.Nc5 fxe4
23.fxe4 h4 24.Rhf1 Rf6 25.Rf3 Rh5 26.g4 hxg3 27.Rxg3 g6 28.Rd2 Rf4 29.Rxg6 Rxh3+
30.Ke2 Rh2+  1/2-1/2